000 00707nam a2200289Ia 4500
005 20260324133112.0
008 008 260324s9999 xx 000 0 eng d
020 _a9780203491300
037 _aEBOOK
040 _aCRL
040 _beng
040 _cCRL
041 _2eng
041 _aeng
084 _qCRL
100 _aAshley Pettus
_91191801
245 0 _aBetween Sacrifice and Desire
245 0 _bNational Identity and the Governing of Femininity in Vietnam
260 _bTaylor and Francis
260 _c2003
365 _a
365 _b255
856 _uhttp://www.taylorfrancis.com/books/9780203491300
942 _cEBOOK
999 _c1790545
_d1790545